La défense des plantes cultivées
Enregistré dans:
| Auteur principal: | |
|---|---|
| Format: | Livre |
| Langue: | Undetermined |
| Publié: |
Paris
La Maison Rustique
1953
|
| Sujets: | |
| Tags: |
Ajouter un tag
Pas de tags, Soyez le premier à ajouter un tag!
|
| Thư viện lưu trữ: | Trung tâm Học liệu Trường Đại học Cần Thơ |
|---|
| LEADER | 00500nam a2200181Ia 4500 | ||
|---|---|---|---|
| 001 | CTU_38584 | ||
| 008 | 210402s9999 xx 000 0 und d | ||
| 082 | |a 581.57 | ||
| 082 | |b F147 | ||
| 100 | |a Henry Faes | ||
| 245 | 0 | |a La défense des plantes cultivées | |
| 245 | 0 | |c Henry Faes, Marc Staehelin, Paul Bovey | |
| 260 | |a Paris | ||
| 260 | |b La Maison Rustique | ||
| 260 | |c 1953 | ||
| 650 | |a agriculture | ||
| 904 | |i Sáng, 970906 | ||
| 980 | |a Trung tâm Học liệu Trường Đại học Cần Thơ | ||